=LDR 00000nam 2200000 4500 =001 NUTBA000000000003407 =005 20140818151426.0 =006 =007 =008 =020 ##$$a 978-979-29-3487-8 =035 ##$$a 0010-081400000000252 =040 ##$$a NBPDMAT =082 ##$$a 510.076 =090 ##$$a 510.076 $b Fat m =100 ##$$a Fathurrahman =245 ##$$a Matematika SMK & Aliyah kejuruan kelas xi bidang keahlian teknologi , pertanian, kesehatan / $c Fathurrahman ; editor, Westriningsih =260 ##$$a Yogyakarta : $b Andi, $c 2012 =300 ##$$a viii, 186 hlm. : $b ilus. ; $c 28 cm. =650 ##$$a Matematika SMK - Studi dan Pengajaran =700 ##$$a Westriningsih =850 ##$$a NBPDMAT =990 ##$$a 21404732 =990 ##$$a 0001/BPAP-NTB/20142014